'Cat' and 'Dog' Vocabulary Quiz Stats

 Plays Quiz Updated Nov 16, 2016

Support Sporcle.
Go Orange.
Score 0/18 Timer 03:00
3 Plays Today
% Correct
catnap
86.5%
catamaran
81.2%
dogfish
80.2%
dogwood
78.4%
catatonic
78.1%
cataclysm
77.1%
caterwaul
75%
catharsis
74.8%
dogma
74.2%
% Correct
catchall
74.2%
cattail
72.2%
dogleg
68.6%
dogvane
68.5%
catechism
63.2%
doge
61%
doggone
57.4%
doggerel
50%
doggery
47%

You're not logged in!

Compare scores with friends on all Sporcle quizzes.
OR
Log In

From the Vault

TV Show by Theme Lyric II

by amb734

Here's a bunch of TV theme songs you can get stuck in your head for the rest of the day.
Remove Ads.
Support Sporcle.
Get the best of Sporcle when you Go Orange. This ad-free experience offers more features, more stats, and more fun while also helping to support Sporcle. Thank you for becoming a member.

Show Comments

Extras

Top Quizzes Today


Score Distribution

Your Account Isn't Verified!

In order to create a playlist on Sporcle, you need to verify the email address you used during registration. Go to your Sporcle Settings to finish the process.

Report this User

Report this user for behavior that violates our Community Guidelines.

Details: